000 00255nam a22001217a 4500
008 170908b xxu||||| |||| 00| 0 eng d
041 _aeng
080 _a91
100 _a42
101 _ageo
245 _aNO IMPACT MAN
_cBEAVAN.C
942 _2udc
_cBK
999 _c26845
_d26845